Una exhibición peligrosa / (Record no. 116205)

MARC details
000 -LEADER
campo de control de longitud fija 00557nam a2200193 4500
001 - NÚMERO DE CONTROL
campo de control 116205
003 - IDENTIFICADOR DE NÚMERO DE CONTROL
campo de control ES-MaACL
005 - FECHA Y HORA DE LA ÚLTIMA TRANSACCIÓN
campo de control 20250730063125.0
007 - CAMPO FIJO DE DESCRIPCIÓN FÍSICA--INFORMACIÓN GENERAL
campo de control de longitud fija t|
008 - DATOS DE LONGITUD FIJA--INFORMACIÓN GENERAL
campo de control de longitud fija 061121s1964 sp r ||||1| spa d
100 0# - ENTRADA PRINCIPAL--NOMBRE DE PERSONA
Nombre de persona Ory, Carlos Edmundo de,
Fechas asociadas al nombre 1923-2010
9 (RLIN) 87706
245 14 - MENCIÓN DEL TÍTULO
Título Una exhibición peligrosa /
Mención de responsabilidad, etc. Carlos Edmundo Ory.
260 ## - PUBLICACIÓN, DISTRIBUCIÓN, ETC.
Lugar de publicación, distribución, etc. Madrid :
Nombre del editor, distribuidor, etc. Taurus,
Fecha de publicación, distribución, etc. 1964.
300 ## - DESCRIPCIÓN FÍSICA
Extensión 276 p. ;
Dimensiones 19 cm.
490 1# - MENCIÓN DE SERIE
Mención de serie Narraciones ;
Designación de volumen o secuencia 11
830 0# - PUNTO DE ACCESO ADICIONAL DE SERIE-TÍTULO UNIFORME
Título uniforme Narraciones ;
Designación de volumen o secuencia 11
9 (RLIN) 186364
852 ## - LOCALIZACIÓN
Ubicación ES-MaACL
Número de control de estantería C-26095
Sublocalización o colección R.54860
Holdings
Estatus retirado Estado de pérdida Estado de daño No para préstamo Biblioteca de origen Biblioteca actual Ubicación en estantería Fecha de adquisición Fuente de adquisición Total de préstamos Signatura topográfica completa Código de barras Visto por última vez Precio de reemplazo Tipo de ítem Koha
        Biblioteca del Ateneo de Madrid Biblioteca del Ateneo de Madrid Depósito 2 17/01/2008     C-26095 1121180 23/02/2023 23/02/2023 Libro impreso